Score 0/15 Timer 02:00
0 Plays Today
Scrambled Word Answer % Correct
OWNDDOWN
99.6%
SAPSPASS
98.4%
GALFFLAG
98.1%
UTNPPUNT
96.7%
DRYAYARD
93.2%
Theme that links them all:FOOTBALL
85.8%
TRAURQEQUARTER
82.5%
DUHLEDHUDDLE
73.7%
Scrambled Word Answer % Correct
NENEZODENDZONE
72.9%
FATYESSAFETY
71.8%
FOIKFCKKICKOFF
71.7%
LETHEMHELMET
61.5%
DIESELINSIDELINE
61%
NIMEALNLINEMAN
56.9%
OCORATOINRDCOORDINATOR
27.6%
Remove Ads.
Support Sporcle.
Get the best of Sporcle when you Go Orange. This ad-free experience offers more features, more stats, and more fun while also helping to support Sporcle. Thank you for becoming a member.

You're not logged in!

Compare scores with friends on all Sporcle quizzes.
OR
Log In

Show Comments

Extras

Top Quizzes Today


Score Distribution

Your Account Isn't Verified!

In order to create a playlist on Sporcle, you need to verify the email address you used during registration. Go to your Sporcle Settings to finish the process.

Report this User

Report this user for behavior that violates our Community Guidelines.

Details: